LEADER 04943nam 22008295 450 001 9910298621603321 005 20200701104741.0 010 $a3-319-10999-5 024 7 $a10.1007/978-3-319-10999-2 035 $a(CKB)3710000000281344 035 $a(EBL)1965291 035 $a(OCoLC)908083178 035 $a(SSID)ssj0001386683 035 $a(PQKBManifestationID)11759750 035 $a(PQKBTitleCode)TC0001386683 035 $a(PQKBWorkID)11374543 035 $a(PQKB)10914109 035 $a(DE-He213)978-3-319-10999-2 035 $a(MiAaPQ)EBC1965291 035 $a(PPN)183089138 035 $a(EXLCZ)993710000000281344 100 $a20141117d2015 u| 0 101 0 $aeng 135 $aur|n|---||||| 181 $ctxt 182 $cc 183 $acr 200 10$aPhotocatalytic Semiconductors $eSynthesis, Characterization, and Environmental Applications /$fedited by Aracely Hernández-Ramírez, Iliana Medina-Ramírez 205 $a1st ed. 2015. 210 1$aCham :$cSpringer International Publishing :$cImprint: Springer,$d2015. 215 $a1 online resource (298 p.) 300 $aDescription based upon print version of record. 311 $a3-319-10998-7 320 $aIncludes bibliographical references at the end of each chapters and index. 327 $aSemiconducting materials -- New visible light active semiconductors -- Synthesis methods for photocatalytic materials -- Physicochemical characterization of photocatalytic materials -- Electrochemical characterization of photocatalytic materials -- Semiconductor materials for photocatalytic oxidation of organic pollutants in wastewater -- Application of semiconductor photocatalytic materials for the removal or inorganic compounds from wastewater -- Photocatalytic materials in water disinfection -- Future and perpectives for photocatalytic materials in environmental photocatalysis. 330 $aThis critical volume examines the different methods used for the synthesis of a great number of photocatalysts, including TiO2, ZnO, and other modified semiconductors, as well as characterization techniques used for determining the optical, structural and morphological properties of the semiconducting materials. Additionally, the authors discuss photoelectrochemical methods for determining the light activity of the photocatalytic semiconductors by means of measurement of properties such as band gap energy, flat band potential, and kinetics of hole and electron transfer. Photocatalytic Semiconductors: Synthesis, Characterization and Environmental Applications provides an overview of the semiconductor materials from first- to third-generation photocatalysts and their applications in wastewater treatment and water disinfection. The book further presents economic and toxicological aspects in the production and application of photocatalytic materials. This book also: ·       Provides a broad perspective of semiconductors materials with photocatalytic properties ·       Emphasizes the importance of the physicochemical and electrochemical characterization of photcatalytic materials ·       Includes synthesis methods that produce photocatalytic materials with suitable properties for environmental applications. 606 $aCatalysis 606 $aMaterials science 606 $aEnergy systems 606 $aCeramics 606 $aGlass 606 $aComposite materials 606 $aComposite materials 606 $aSemiconductors 606 $aCatalysis$3https://scigraph.springernature.com/ontologies/product-market-codes/C29000 606 $aCharacterization and Evaluation of Materials$3https://scigraph.springernature.com/ontologies/product-market-codes/Z17000 606 $aEnergy Systems$3https://scigraph.springernature.com/ontologies/product-market-codes/115000 606 $aCeramics, Glass, Composites, Natural Materials$3https://scigraph.springernature.com/ontologies/product-market-codes/Z18000 606 $aSemiconductors$3https://scigraph.springernature.com/ontologies/product-market-codes/P25150 615 0$aCatalysis. 615 0$aMaterials science. 615 0$aEnergy systems. 615 0$aCeramics. 615 0$aGlass. 615 0$aComposite materials. 615 0$aComposite materials. 615 0$aSemiconductors. 615 14$aCatalysis. 615 24$aCharacterization and Evaluation of Materials. 615 24$aEnergy Systems. 615 24$aCeramics, Glass, Composites, Natural Materials. 615 24$aSemiconductors. 676 $a537.622 676 $a54 676 $a541395 676 $a620.11 702 $aHernández-Ramírez$b Aracely$4edt$4http://id.loc.gov/vocabulary/relators/edt 702 $aMedina-Ramírez$b Iliana$4edt$4http://id.loc.gov/vocabulary/relators/edt 906 $aBOOK 912 $a9910298621603321 996 $aPhotocatalytic Semiconductors$91939238 997 $aUNINA